Devinez le jeu vidéo #3 - Statistiques

Statistiques générales
  • Ce quiz a été pris 174 fois
    64 depuis la dernière actualisation
  • Le résultat moyen est 10 sur 16
Statistiques - réponses
Par images Réponse % Correct
Cuphead
86%
New Super Mario Bros Wii
86%
Fruit Ninja
85%
Mario Party DS
83%
Assassin's Creed Origins
80%
Counter-Strike 2
80%
Euro Truck Simulator 2
80%
Dofus
75%
Plants vs Zombies
69%
Super Mario 64
66%
Chained Together
63%
Spore
56%
Age of Empires IV
41%
Dress To Impress
36%
Tomodachi Life
34%
Pizza Tower
15%
Aucun quiz correspondant
Distribution des résultats
% des personnes avec chaque résultat
Percentile par nombre de réponses
Votre historique - résultats
Vous n’avez pas pris ce quiz depuis la dernière actualisation